000 00406nam a2200145Ia 4500
008 231129s1996||||xx |||||||||||||| ||spa||
020 _a958-600-611-5
040 _bspa
082 _aR 004.6 C956d
100 _aCrumlish Christian
245 0 _aDiccionario de Internet: Nuevas tecnologias informaticas
260 _c1996
264 _aMcGraw-Hill
942 _2ddc
_cBKS
999 _c9348
_d9348